| 000 | 00472nam a22001817a 4500 | ||
|---|---|---|---|
| 003 | 0 | ||
| 005 | 20231006133220.0 | ||
| 008 | 231006b xxu||||| |||| 00| 0 eng d | ||
| 020 | _a978-1-407157-38-2 | ||
| 050 |
_aPZ 7 _b.St859 2016 |
||
| 100 | _aStine, R.L. | ||
| 245 |
_aGoosebumps : the haunted car _cR.L. Stine |
||
| 260 |
_aLondon _bScholastic , Inc. _cc2016. |
||
| 300 |
_a120 pages ; _c20 cm. |
||
| 500 | _aFiction. | ||
| 650 | _aFiction. | ||
| 942 |
_2lcc _cBK |
||
| 999 |
_c365487 _d365487 |
||